000 00951nam a22001937a 4500
003 JO-AjAnu
005 20240401104933.0
008 240331b jo ||||| |||| 00| 0 ara d
040 _aJO-AjAnu
_cANU
041 0 _aara
100 1 _aأحمد، محمود أحمد
_eمؤلف
_965204
245 0 _aالقبول بالمخاطرة في الأمور الطيبة كوسيلة لدفع المسؤولية المدنية : دراسة مقارنة = Acceptance of Risk in Medial Matters As A Means to Rebuttal Civil Library : A Comparative Study /
_cاعداد أحمد محمود أحمد ؛ اشراف أحمد فهد البطوش
260 _c2023
300 _a110 ورقة
500 _aرسالة جامعية (ماجستير) تخصص القانون / جامعة عجلون الوطنية ، 2023
650 7 _vالمسؤولية المدنية الطبية
700 1 _aالبطوش، أحمد فهد
_959198
_eمشرف
942 _2lcc
_cREF
_n0
999 _c33382
_d33382